[Event "2. Bundesliga Ost 2012/2013"]
[Site "6.+7.10., 17.+18.11., 1.12., 2.+3.2., 9.+10.3., 6.
[Date "2012.10.06"]
[Round "1"]
[Board "1"]
[White "Vass, Frantisek"]
[Black "Certek, Pavel"]
[Result "1/2-1/2"]
[WhiteElo "2292"]
[BlackElo "2315"]
[PlyCount "60"]
[EventDate "2012.10.06"]
[EventType "team"]
[EventRounds "11"]
[EventCountry "AUT"]
[WhiteTeam "ASVOE Lackenbach"]
[BlackTeam "ASVOE Mattersburg"]

1. d4 Nf6 2. Bg5 Ne4 3. h4 Nxg5 4. hxg5 g6 5. e3 Bg7 6. Nf3 c5 7. c3 Qb6 8. Qc2
d5 9. Nbd2 Nc6 10. O-O-O cxd4 11. exd4 Bf5 12. Bd3 Bxd3 13. Qxd3 O-O-O 14. Rh4
h5 15. gxh6 Rxh6 16. Rxh6 Bxh6 17. Rh1 Bxd2+ 18. Qxd2 f6 19. Qd3 g5 20. Re1 Qc7
21. Qf5+ Qd7 22. Qxd7+ Kxd7 23. Rh1 Rc8 24. Kd2 b6 25. Rh7 a5 26. Nh2 a4 27.
Ng4 Kd6 28. Ne3 e6 29. Rf7 f5 30. Rb7 Rb8 1/2-1/2

[Event "2. Bundesliga Ost 2012/2013"]
[Site "6.+7.10., 17.+18.11., 1.12., 2.+3.2., 9.+10.3., 6.
[Date "2012.10.06"]
[Round "1"]
[Board "2"]
[White "Petran, Peter"]
[Black "Krpelan, Wolfgang"]
[Result "1/2-1/2"]
[WhiteElo "2277"]
[BlackElo "2246"]
[PlyCount "78"]
[EventDate "2012.10.06"]
[EventType "team"]
[EventRounds "11"]
[EventCountry "AUT"]
[WhiteTeam "ASVOE Mattersburg"]
[BlackTeam "ASVOE Lackenbach"]

1. g3 d5 2. Nf3 c6 3. Bg2 Bf5 4. d3 h6 5. Nbd2 Nf6 6. b3 e6 7. Bb2 Bc5 8. O-O
O-O 9. Ne5 Nbd7 10. e4 Bh7 11. Nxd7 Nxd7 12. Qe2 Qb6 13. exd5 cxd5 14. Qg4 Bg6
15. Nf3 h5 16. Qg5 Qd8 17. Qd2 Be7 18. Qe2 Bf6 19. Bxf6 Qxf6 20. Nh4 Rfd8 21.
Bf3 Ne5 22. Bg2 Rac8 23. Rac1 Nc6 24. c3 Ne7 25. d4 Rc7 26. Rfd1 Rdc8 27. c4 b6
28. Rc3 Bh7 29. Bf1 Be4 30. Qxh5 dxc4 31. bxc4 Bd5 32. Ra3 Bxc4 33. Bxc4 Rxc4
34. Rxa7 Nc6 35. Rb7 Nxd4 36. Rxb6 Rc2 37. Rf1 Rxa2 38. Kg2 g6 39. Qh6 Nf5
1/2-1/2

[Event "2. Bundesliga Ost 2012/2013"]
[Site "6.+7.10., 17.+18.11., 1.12., 2.+3.2., 9.+10.3., 6.
[Date "2012.10.06"]
[Round "1"]
[Board "3"]
[White "Olle, Peter"]
[Black "Brod, Manfred"]
[Result "1/2-1/2"]
[WhiteElo "2201"]
[BlackElo "2234"]
[PlyCount "52"]
[EventDate "2012.10.06"]
[EventType "team"]
[EventRounds "11"]
[EventCountry "AUT"]
[WhiteTeam "ASVOE Lackenbach"]
[BlackTeam "ASVOE Mattersburg"]

1. c4 c5 2. Nf3 Nc6 3. g3 g6 4. Bg2 Bg7 5. O-O e5 6. Nc3 Nge7 7. d3 d6 8. Bd2
O-O 9. Qc1 Rb8 10. Bh6 a6 11. Bxg7 Kxg7 12. Nd2 Be6 13. e3 b6 14. e4 Nd4 15.
Nf3 Nxf3+ 16. Bxf3 f6 17. Bg2 Nc6 18. f4 Nd4 19. Rf2 b5 20. Ne2 Nxe2+ 21. Rxe2
g5 22. b3 Qe7 23. Rf2 h6 24. Qc3 b4 25. Qb2 a5 26. a4 Kh7 1/2-1/2

[Event "2. Bundesliga Ost 2012/2013"]
[Site "6.+7.10., 17.+18.11., 1.12., 2.+3.2., 9.+10.3., 6.
[Date "2012.10.06"]
[Round "1"]
[Board "4"]
[White "Wiedner, Robert"]
[Black "Stranz, Richard"]
[Result "1/2-1/2"]
[WhiteElo "2133"]
[BlackElo "2178"]
[PlyCount "82"]
[EventDate "2012.10.06"]
[EventType "team"]
[EventRounds "11"]
[EventCountry "AUT"]
[WhiteTeam "ASVOE Mattersburg"]
[BlackTeam "ASVOE Lackenbach"]

1. Nf3 Nf6 2. c4 c5 3. g3 d5 4. cxd5 Nxd5 5. Bg2 Nc6 6. O-O e5 7. Nc3 Nc7 8. d3
Be7 9. Be3 Rb8 10. Rc1 O-O 11. a3 Bd7 12. Nd2 Re8 13. Re1 b6 14. a4 Nd4 15. Nc4
Bf8 16. b3 Be6 17. Rb1 f6 18. Bc1 Qd7 19. Ba3 Red8 20. Qc1 Bg4 21. Qb2 Qe8 22.
h3 Be6 23. Kh2 Qh5 24. Nd2 Qf7 25. Qa2 Rbc8 26. Nc4 Na6 27. Nd1 Nb8 28. Bb2 Na6
29. Bc3 Nc7 30. Nde3 g6 31. Rf1 Bh6 32. Qb2 Na6 33. Rbe1 Nb8 34. Bd2 Na6 35.
Bc1 Bg7 36. Nc2 Nxc2 37. Qxc2 Nb4 38. Qb1 Nc6 39. f4 Qc7 40. fxe5 Nxe5 41. Bf4
Qd7 1/2-1/2

[Event "2. Bundesliga Ost 2012/2013"]
[Site "6.+7.10., 17.+18.11., 1.12., 2.+3.2., 9.+10.3., 6.
[Date "2012.10.06"]
[Round "1"]
[Board "5"]
[White "Galavics, Hermann"]
[Black "Salamon, Werner"]
[Result "1/2-1/2"]
[WhiteElo "2062"]
[BlackElo "2133"]
[PlyCount "63"]
[EventDate "2012.10.06"]
[EventType "team"]
[EventRounds "11"]
[EventCountry "AUT"]
[WhiteTeam "ASVOE Lackenbach"]
[BlackTeam "ASVOE Mattersburg"]

1. d4 Nf6 2. c4 e6 3. Nf3 d5 4. Nc3 Be7 5. Bg5 O-O 6. e3 b6 7. Bd3 Bb7 8. O-O
Nbd7 9. cxd5 Nxd5 10. Bxe7 Qxe7 11. Rc1 c5 12. Nxd5 Bxd5 13. b3 Rac8 14. Ba6
Rc7 15. Qe2 Bxf3 16. Qxf3 Nb8 17. Bd3 cxd4 18. Rxc7 Qxc7 19. Qe4 g6 20. Qxd4
Rd8 21. Qc4 Qxc4 22. Bxc4 Rd2 23. a4 Nc6 24. Rc1 Na5 25. Kf1 Rb2 26. Rc3 Kf8
27. h4 h5 28. g3 Ke7 29. Bb5 Kd8 30. Rd3+ Kc8 31. Be8 Nxb3 32. Bxf7 1/2-1/2

[Event "2. Bundesliga Ost 2012/2013"]
[Site "6.+7.10., 17.+18.11., 1.12., 2.+3.2., 9.+10.3., 6.
[Date "2012.10.06"]
[Round "1"]
[Board "6"]
[White "Savio, Alfred Jun."]
[Black "Reitgruber, Dietmar"]
[Result "1/2-1/2"]
[WhiteElo "2035"]
[BlackElo "1945"]
[PlyCount "88"]
[EventDate "2012.10.06"]
[EventType "team"]
[EventRounds "11"]
[EventCountry "AUT"]
[WhiteTeam "ASVOE Mattersburg"]
[BlackTeam "ASVOE Lackenbach"]

1. c4 c5 2. Nc3 Nc6 3. e3 e5 4. Nf3 g6 5. d4 exd4 6. exd4 cxd4 7. Nxd4 Bg7 8.
Ndb5 Be5 9. Be2 Nf6 10. Bh6 a6 11. Nd6+ Ke7 12. Bg5 h6 13. Nd5+ Kf8 14. Bxf6
Bxf6 15. Nxf6 Qxf6 16. O-O Nd4 17. Nxc8 Rxc8 18. Bd3 Kg7 19. Qg4 Rc5 20. h4 d5
21. b4 Rc7 22. cxd5 Rc3 23. Rfd1 Rxd3 24. Rxd3 Nf3+ 25. Qxf3 Qxa1+ 26. Rd1 Qf6
27. Qe4 Qd6 28. Qd4+ Qf6 29. Qe4 Qd6 30. Re1 Rd8 31. Rd1 Rd7 32. g3 b5 33. a3
Rc7 34. Kg2 Re7 35. Qd4+ Qf6 36. Qd3 Rd7 37. d6 Qe5 38. Kg1 Kf6 39. Qf3+ Kg7
40. Qc6 Qe2 41. Qxd7 Qxd1+ 42. Kh2 Qd4 43. Kg1 Qd1+ 44. Kg2 Qd5+ 1/2-1/2

[Event "2. Bundesliga Ost 2012/2013"]
[Site "6.+7.10., 17.+18.11., 1.12., 2.+3.2., 9.+10.3., 6.
[Date "2012.10.06"]
[Round "1"]
[Board "1"]
[White "Stohl, Igor"]
[Black "Lipka, Juraj"]
[Result "1/2-1/2"]
[WhiteElo "2518"]
[BlackElo "2441"]
[PlyCount "46"]
[EventDate "2012.10.06"]
[EventType "team"]
[EventRounds "11"]
[EventCountry "AUT"]
[WhiteTeam "SK Wien-Ottakring"]
[BlackTeam "ASVOE Pamhagen"]

1. c4 Nf6 2. Nc3 e5 3. Nf3 Nc6 4. e3 Bb4 5. Qc2 Bxc3 6. Qxc3 Qe7 7. Be2 d5 8.
cxd5 Nxd5 9. Qb3 Nb6 10. d3 Be6 11. Qc2 Nb4 12. Qb1 a5 13. O-O O-O 14. Bd2 Bf5
15. a3 Nc6 16. b4 e4 17. dxe4 Bxe4 18. Qb3 Rfd8 19. Bc3 Bd5 20. Qc2 Be4 21. Qb3
Bd5 22. Qc2 Be4 23. Qb3 Bd5 1/2-1/2

[Event "2. Bundesliga Ost 2012/2013"]
[Site "6.+7.10., 17.+18.11., 1.12., 2.+3.2., 9.+10.3., 6.
[Date "2012.10.06"]
[Round "1"]
[Board "2"]
[White "Maslik, Miroslav"]
[Black "Steiner, Adam"]
[Result "1-0"]
[WhiteElo "2376"]
[BlackElo "2276"]
[PlyCount "91"]
[EventDate "2012.10.06"]
[EventType "team"]
[EventRounds "11"]
[EventCountry "AUT"]
[WhiteTeam "ASVOE Pamhagen"]
[BlackTeam "SK Wien-Ottakring"]

1. d4 Nf6 2. c4 e5 3. dxe5 Ng4 4. Nf3 Bc5 5. e3 Nc6 6. Be2 O-O 7. O-O Ngxe5 8.
Nc3 Re8 9. b3 Nxf3+ 10. Bxf3 Ne5 11. Bb2 a5 12. Ne4 Nxf3+ 13. Qxf3 Be7 14. Qg3
f6 15. Rad1 Ra6 16. Rd5 Re6 17. f3 b6 18. Rfd1 d6 19. R5d3 Bf8 20. Qf4 Qe7 21.
Re1 Rxe4 22. Qxe4 Qxe4 23. fxe4 Rxe4 24. Rd4 Bb7 25. Rxe4 Bxe4 26. g4 Bf3 27.
Kf2 Bxg4 28. Bxf6 gxf6 29. Rg1 f5 30. h3 h5 31. hxg4 hxg4 32. Kg3 d5 33. Kf4
dxc4 34. bxc4 Bh6+ 35. Kxf5 Bxe3 36. Rxg4+ Kf7 37. Ke4 Bc5 38. Kd5 Bd6 39. a4
Ke7 40. Rg7+ Kf6 41. Rd7 Kf5 42. Rf7+ Kg6 43. Rf1 Kg5 44. Kc6 Kg6 45. Rd1 Bf4
46. Rd7 1-0

[Event "2. Bundesliga Ost 2012/2013"]
[Site "6.+7.10., 17.+18.11., 1.12., 2.+3.2., 9.+10.3., 6.
[Date "2012.10.06"]
[Round "1"]
[Board "3"]
[White "Beck, Hartmuth"]
[Black "Vitouch, Anatol"]
[Result "1-0"]
[WhiteElo "2295"]
[BlackElo "2338"]
[PlyCount "97"]
[EventDate "2012.10.06"]
[EventType "team"]
[EventRounds "11"]
[EventCountry "AUT"]
[WhiteTeam "SK Wien-Ottakring"]
[BlackTeam "ASVOE Pamhagen"]

1. b4 d5 2. Bb2 Bg4 3. h3 Bh5 4. g4 Bg6 5. Bg2 c6 6. d3 e6 7. Nd2 h5 8. Ngf3
hxg4 9. Ne5 gxh3 10. Rxh3 Rxh3 11. Bxh3 Bh5 12. a3 a5 13. c4 Qh4 14. Bg2 Qg5
15. Kf1 axb4 16. Ndf3 Qd8 17. cxd5 exd5 18. axb4 Rxa1 19. Qxa1 f6 20. Qa7 Qc8
21. Qd4 Bxf3 22. Nxf3 Bd6 23. Qh4 Nd7 24. Bh3 Nh6 25. Bxf6 gxf6 26. Qxh6 Kd8
27. Nd4 Kc7 28. Ne6+ Kb6 29. Qe3+ Ka6 30. Nc5+ Bxc5 31. bxc5 Qh8 32. d4 Ka7 33.
Qa3+ Kb8 34. Qg3+ Kc8 35. Qg4 Qh7 36. Kg2 Kd8 37. Kg3 f5 38. Qg5+ Kc7 39. Qxf5
Qxf5 40. Bxf5 Nb8 41. Kf4 b5 42. cxb6+ Kxb6 43. Ke5 Na6 44. Kd6 Nc7 45. Bd3
Nb5+ 46. Bxb5 cxb5 47. Kxd5 Ka5 48. Kc5 b4 49. d5 1-0

[Event "2. Bundesliga Ost 2012/2013"]
[Site "6.+7.10., 17.+18.11., 1.12., 2.+3.2., 9.+10.3., 6.
[Date "2012.10.06"]
[Round "1"]
[Board "4"]
[White "Hangweyrer, Manfred"]
[Black "Ernst, Michael"]
[Result "1-0"]
[WhiteElo "2367"]
[BlackElo "2214"]
[PlyCount "115"]
[EventDate "2012.10.06"]
[EventType "team"]
[EventRounds "11"]
[EventCountry "AUT"]
[WhiteTeam "ASVOE Pamhagen"]
[BlackTeam "SK Wien-Ottakring"]

1. e4 e6 2. d3 d5 3. Nd2 Nf6 4. Ngf3 b6 5. c3 Bb7 6. Qc2 Be7 7. Be2 c5 8. O-O
O-O 9. Re1 Nc6 10. Nf1 Qc7 11. Ng3 Rfd8 12. Bf1 Rac8 13. e5 Nd7 14. Qe2 Nf8 15.
h4 f6 16. exf6 Bxf6 17. Nh5 Re8 18. Ng5 e5 19. Qg4 Kh8 20. Bd2 Bxg5 21. Bxg5
Ne6 22. Bd2 Qf7 23. Re3 Rf8 24. Rf3 Qg6 25. Qxg6 hxg6 26. Rxf8+ Rxf8 27. Ng3
Nf4 28. Re1 b5 29. c4 bxc4 30. dxc4 d4 31. Ne4 Ne6 32. Be2 Ncd8 33. Bd3 Nf7 34.
g3 Bxe4 35. Rxe4 Rb8 36. b3 a5 37. Rg4 a4 38. Bxg6 axb3 39. axb3 Nd6 40. Bc2 d3
41. Bxd3 Rxb3 42. Bf1 Nd4 43. Ba5 Rb7 44. Kg2 Nc6 45. Rg6 Nxa5 46. Rxd6 Rb4 47.
Rd5 Nxc4 48. Rxc5 Nd2 49. Rxe5 Nxf1 50. Kxf1 Rb2 51. Kg2 Kh7 52. g4 Kg6 53. Kg3
Rb3+ 54. f3 Kf6 55. Ra5 Rb4 56. Ra6+ Kf7 57. h5 Rc4 58. f4 1-0

[Event "2. Bundesliga Ost 2012/2013"]
[Site "6.+7.10., 17.+18.11., 1.12., 2.+3.2., 9.+10.3., 6.
[Date "2012.10.06"]
[Round "1"]
[Board "5"]
[White "Plank, Franz"]
[Black "Bezuch, Martin"]
[Result "1/2-1/2"]
[WhiteElo "2198"]
[BlackElo "2291"]
[PlyCount "32"]
[EventDate "2012.10.06"]
[EventType "team"]
[EventRounds "11"]
[EventCountry "AUT"]
[WhiteTeam "SK Wien-Ottakring"]
[BlackTeam "ASVOE Pamhagen"]

1. e4 g6 2. d4 Bg7 3. c3 d6 4. Nf3 Nd7 5. Bd3 e5 6. O-O Ngf6 7. Re1 O-O 8. Nbd2
h6 9. Nc4 Re8 10. dxe5 dxe5 11. Bc2 Nh5 12. Ne3 Nf4 13. Nd5 Ne6 14. Ne3 Nf4 15.
Nd5 Ne6 16. Ne3 Nf4 1/2-1/2

[Event "2. Bundesliga Ost 2012/2013"]
[Site "6.+7.10., 17.+18.11., 1.12., 2.+3.2., 9.+10.3., 6.
[Date "2012.10.06"]
[Round "1"]
[Board "6"]
[White "Kuthan, Andreas"]
[Black "Dragnev, Valentin"]
[Result "1-0"]
[WhiteElo "2219"]
[BlackElo "1890"]
[PlyCount "59"]
[EventDate "2012.10.06"]
[EventType "team"]
[EventRounds "11"]
[EventCountry "AUT"]
[WhiteTeam "ASVOE Pamhagen"]
[BlackTeam "SK Wien-Ottakring"]

1. Nf3 d5 2. d4 e6 3. c4 c5 4. Nc3 Nc6 5. cxd5 exd5 6. g3 Nf6 7. Bg2 Be7 8. O-O
O-O 9. Bg5 c4 10. Ne5 Be6 11. b3 Qa5 12. Qd2 Rfd8 13. Nxc6 bxc6 14. bxc4 dxc4
15. Bxc6 Rac8 16. Bg2 Rxd4 17. Qxd4 Qxg5 18. Rab1 Rd8 19. Qxa7 Bc5 20. Rb8 Nd7
21. Rxd8+ Qxd8 22. Qa8 Qxa8 23. Bxa8 Nb6 24. Bc6 Bb4 25. Rc1 Kf8 26. e4 Ke7 27.
Nd5+ Bxd5 28. Bxd5 Bd2 29. Rc2 c3 30. Kf1 1-0

[Event "2. Bundesliga Ost 2012/2013"]
[Site "6.+7.10., 17.+18.11., 1.12., 2.+3.2., 9.+10.3., 6.
[Date "2012.10.06"]
[Round "1"]
[Board "1"]
[White "Videki, Sandor"]
[Black "Baumegger, Siegfried"]
[Result "1-0"]
[WhiteElo "2429"]
[BlackElo "2462"]
[PlyCount "65"]
[EventDate "2012.10.06"]
[EventType "team"]
[EventRounds "11"]
[EventCountry "AUT"]
[WhiteTeam "Spg Data Technology Eichgraben/P."]
[BlackTeam "tschaturanga"]

1. e4 c5 2. Nf3 Nc6 3. Bb5 g6 4. Bxc6 dxc6 5. d3 Bg7 6. h3 Nf6 7. Nc3 Nd7 8.
Bf4 e5 9. Be3 Qe7 10. Qd2 Nf8 11. Na4 Ne6 12. Qc3 b6 13. b4 O-O 14. bxc5 b5 15.
Nb2 f5 16. a4 fxe4 17. dxe4 Nd4 18. Nd3 Nxf3+ 19. gxf3 Be6 20. h4 Rxf3 21. h5
bxa4 22. hxg6 hxg6 23. O-O-O Qb7 24. Rdg1 Bf7 25. Ne1 Rf6 26. Bh6 Rb8 27. Bxg7
Kxg7 28. Nd3 a3 29. Qxe5 a2 30. Kd2 Rf8 31. Qh2 Bg8 32. Qh8+ Kf7 33. Rh7+ 1-0

[Event "2. Bundesliga Ost 2012/2013"]
[Site "6.+7.10., 17.+18.11., 1.12., 2.+3.2., 9.+10.3., 6.
[Date "2012.10.06"]
[Round "1"]
[Board "2"]
[White "Sadilek, Peter"]
[Black "Ganaus, Hannes"]
[Result "1-0"]
[WhiteElo "2248"]
[BlackElo "2331"]
[PlyCount "55"]
[EventDate "2012.10.06"]
[EventType "team"]
[EventRounds "11"]
[EventCountry "AUT"]
[WhiteTeam "tschaturanga"]
[BlackTeam "Spg Data Technology Eichgraben/P."]

1. d4 Nf6 2. c4 g6 3. Nc3 Bg7 4. e4 d6 5. Nf3 O-O 6. Be2 e5 7. O-O exd4 8. Nxd4
Re8 9. f3 c6 10. Be3 d5 11. cxd5 Nxd5 12. Nxd5 cxd5 13. Rc1 a5 14. a4 Nc6 15.
Nxc6 bxc6 16. Rxc6 Bb7 17. Rb6 Rb8 18. Qb3 Bc6 19. Rxb8 Qxb8 20. Bb5 Bxb5 21.
axb5 dxe4 22. fxe4 Qb7 23. Qc4 Bxb2 24. b6 Re6 25. Qc7 Re7 26. Qd8+ Kg7 27. Bc5
Bf6 28. Rxf6 1-0

[Event "2. Bundesliga Ost 2012/2013"]
[Site "6.+7.10., 17.+18.11., 1.12., 2.+3.2., 9.+10.3., 6.
[Date "2012.10.06"]
[Round "1"]
[Board "3"]
[White "Pichler, Michael"]
[Black "Kreindl, Helmut"]
[Result "0-1"]
[WhiteElo "2255"]
[BlackElo "2207"]
[PlyCount "82"]
[EventDate "2012.10.06"]
[EventType "team"]
[EventRounds "11"]
[EventCountry "AUT"]
[WhiteTeam "Spg Data Technology Eichgraben/P."]
[BlackTeam "tschaturanga"]

1. e4 d5 2. exd5 Qxd5 3. Nc3 Qd6 4. d4 Nf6 5. Nf3 c6 6. Ne5 Nbd7 7. Nc4 Qc7 8.
Qf3 Nb6 9. Bf4 Qd7 10. Nxb6 axb6 11. O-O-O Qg4 12. Qe3 Qe6 13. d5 Qxe3+ 14.
Bxe3 b5 15. Bc5 e6 16. Bxf8 Rxf8 17. dxc6 bxc6 18. a3 Ke7 19. Be2 Bd7 20. Bf3
Rab8 21. b3 Rfc8 22. Rhe1 c5 23. Kb2 b4 24. Nd5+ Nxd5 25. Bxd5 bxa3+ 26. Kxa3
Bc6 27. Bxc6 Rxc6 28. Re4 Rd6 29. Rxd6 Kxd6 30. Kb2 g5 31. Kc3 f5 32. Ra4 h5
33. Kc4 f4 34. Ra6+ Ke5 35. Kxc5 Rc8+ 36. Rc6 Rd8 37. Kc4 Rd2 38. Rc5+ Kf6 39.
c3 Rxf2 40. b4 Rxg2 41. b5 Rb2 0-1

[Event "2. Bundesliga Ost 2012/2013"]
[Site "6.+7.10., 17.+18.11., 1.12., 2.+3.2., 9.+10.3., 6.
[Date "2012.10.06"]
[Round "1"]
[Board "4"]
[White "Kleiser, Gregor"]
[Black "Neumeier, Klaus"]
[Result "1/2-1/2"]
[WhiteElo "2286"]
[BlackElo "2255"]
[PlyCount "61"]
[EventDate "2012.10.06"]
[EventType "team"]
[EventRounds "11"]
[EventCountry "AUT"]
[WhiteTeam "tschaturanga"]
[BlackTeam "Spg Data Technology Eichgraben/P."]

1. d4 Nf6 2. c4 e6 3. g3 c5 4. Nf3 cxd4 5. Nxd4 d5 6. Bg2 e5 7. Nf3 d4 8. O-O
Nc6 9. e3 Be7 10. exd4 exd4 11. Nbd2 O-O 12. Re1 Bf5 13. Ne5 Rc8 14. Nxc6 bxc6
15. Qa4 Qd7 16. Nf3 Rfe8 17. Ne5 Bd6 18. Bf4 Qc7 19. Nxc6 Bd7 20. Rxe8+ Bxe8
21. Bxd6 Qxd6 22. Qa6 Rxc6 23. Bxc6 Bxc6 24. Qc8+ Ne8 25. Re1 Kf8 26. Qf5 g6
27. Qg5 Ng7 28. Qe5 Qxe5 29. Rxe5 Bf3 30. Kf1 Nf5 31. Ke1 1/2-1/2

[Event "2. Bundesliga Ost 2012/2013"]
[Site "6.+7.10., 17.+18.11., 1.12., 2.+3.2., 9.+10.3., 6.
[Date "2012.10.06"]
[Round "1"]
[Board "5"]
[White "Weissenbeck, Manuel"]
[Black "Leitner, Gerald"]
[Result "0-1"]
[WhiteElo "2238"]
[BlackElo "2206"]
[PlyCount "56"]
[EventDate "2012.10.06"]
[EventType "team"]
[EventRounds "11"]
[EventCountry "AUT"]
[WhiteTeam "Spg Data Technology Eichgraben/P."]
[BlackTeam "tschaturanga"]

1. d4 Nf6 2. Nf3 g6 3. c4 Bg7 4. Nc3 O-O 5. e4 d6 6. Be2 c5 7. d5 e5 8. dxe6
Bxe6 9. O-O Nc6 10. Bg5 h6 11. Bf4 Qb6 12. Rb1 Rad8 13. Qd2 g5 14. Nxg5 hxg5
15. Bxg5 Rd7 16. f4 Nh7 17. f5 Nxg5 18. Qxg5 f6 19. Qh4 Bf7 20. Rf3 Nd4 21. Rh3
Nxe2+ 22. Nxe2 Re8 23. Ng3 Rde7 24. b3 Qa5 25. Rd1 Qxa2 26. Qh7+ Kf8 27. Rh6
Qxb3 28. Re1 Qc3 0-1

[Event "2. Bundesliga Ost 2012/2013"]
[Site "6.+7.10., 17.+18.11., 1.12., 2.+3.2., 9.+10.3., 6.
[Date "2012.10.06"]
[Round "1"]
[Board "6"]
[White "Petschar, Hans"]
[Black "Hechl, Gerald"]
[Result "0-1"]
[WhiteElo "2064"]
[BlackElo "2220"]
[PlyCount "46"]
[EventDate "2012.10.06"]
[EventType "team"]
[EventRounds "11"]
[EventCountry "AUT"]
[WhiteTeam "tschaturanga"]
[BlackTeam "Spg Data Technology Eichgraben/P."]

1. c4 e5 2. Nc3 Bb4 3. Nf3 Bxc3 4. bxc3 Nc6 5. g3 d6 6. Bg2 Nge7 7. O-O O-O 8.
d4 f6 9. Rb1 b6 10. Qc2 Qe8 11. c5 bxc5 12. dxc5 d5 13. e4 Qf7 14. Nd2 d4 15.
cxd4 Nxd4 16. Qb2 Ba6 17. Qa3 Bxf1 18. Bxf1 Kh8 19. Rb7 Nec6 20. Nc4 Qh5 21.
Kg2 Qd1 22. Rxc7 Nc2 23. Ne3 Qd8 0-1

[Event "2. Bundesliga Ost 2012/2013"]
[Site "6.+7.10., 17.+18.11., 1.12., 2.+3.2., 9.+10.3., 6.
[Date "2012.10.06"]
[Round "1"]
[Board "2"]
[White "Kostic, Vladimir"]
[Black "Lendwai, Reinhard"]
[Result "1-0"]
[WhiteElo "2417"]
[BlackElo "2379"]
[PlyCount "83"]
[EventDate "2012.10.06"]
[EventType "team"]
[EventRounds "11"]
[EventCountry "AUT"]
[WhiteTeam "ASVOe VHS Poechlarn"]
[BlackTeam "Raiffeisen Waehring"]

1. e4 c6 2. d4 d5 3. e5 Bf5 4. Nf3 e6 5. Be2 Nd7 6. O-O Ne7 7. Nh4 Bg6 8. Nd2
Nf5 9. Nxg6 hxg6 10. Nf3 Nh4 11. g3 Nxf3+ 12. Bxf3 Be7 13. Bg2 Qc7 14. Qf3 c5
15. c3 cxd4 16. cxd4 Qb6 17. Rd1 Rc8 18. Qe2 Nb8 19. Be3 O-O 20. Bf1 Nc6 21. h4
Rc7 22. h5 gxh5 23. Qxh5 g6 24. Qh6 Rfc8 25. Kg2 Bf8 26. Qh4 Bg7 27. Bg5 Nxe5
28. dxe5 Rc2 29. g4 Bxe5 30. Bd3 Rxb2 31. Rac1 Rc6 32. Rxc6 bxc6 33. Rh1 Qb4
34. Be7 Rxf2+ 35. Kxf2 Qd2+ 36. Be2 Bd4+ 37. Kf1 Qf4+ 38. Kg2 Qe4+ 39. Bf3 Qc2+
40. Kh3 Qd3 41. Qg3 Be5 42. Qf2 1-0

[Event "2. Bundesliga Ost 2012/2013"]
[Site "6.+7.10., 17.+18.11., 1.12., 2.+3.2., 9.+10.3., 6.
[Date "2012.10.06"]
[Round "1"]
[Board "3"]
[White "Mahdy, Khaled"]
[Black "Weinzettl, Ernst"]
[Result "1/2-1/2"]
[WhiteElo "2385"]
[BlackElo "2257"]
[PlyCount "28"]
[EventDate "2012.10.06"]
[EventType "team"]
[EventRounds "11"]
[EventCountry "AUT"]
[WhiteTeam "Raiffeisen Waehring"]
[BlackTeam "ASVOe VHS Poechlarn"]

1. e4 e5 2. Nf3 Nc6 3. Bb5 a6 4. Ba4 Nf6 5. O-O Be7 6. Re1 b5 7. Bb3 d6 8. c3
O-O 9. h3 Re8 10. Ng5 Rf8 11. Nf3 Re8 12. Ng5 Rf8 13. Nf3 Re8 14. Ng5 Rf8
1/2-1/2

[Event "2. Bundesliga Ost 2012/2013"]
[Site "6.+7.10., 17.+18.11., 1.12., 2.+3.2., 9.+10.3., 6.
[Date "2012.10.06"]
[Round "1"]
[Board "4"]
[White "Wilke, Werner"]
[Black "Alvir, Aco"]
[Result "0-1"]
[WhiteElo "2249"]
[BlackElo "2345"]
[PlyCount "116"]
[EventDate "2012.10.06"]
[EventType "team"]
[EventRounds "11"]
[EventCountry "AUT"]
[WhiteTeam "ASVOe VHS Poechlarn"]
[BlackTeam "Raiffeisen Waehring"]

1. e4 g6 2. d4 Bg7 3. Nc3 c5 4. d5 d6 5. a4 Nf6 6. Be2 O-O 7. Nf3 e6 8. O-O
exd5 9. exd5 Na6 10. Nb5 Ne8 11. c3 Nac7 12. Bg5 Bf6 13. Bh6 Ng7 14. Qd2 Nxb5
15. axb5 Re8 16. Bd3 Bg4 17. Qf4 Bxf3 18. Qxf3 Bg5 19. Bxg5 Qxg5 20. Rfd1 b6
21. g3 Re5 22. Re1 Rxe1+ 23. Rxe1 Re8 24. Rxe8+ Nxe8 25. Qe2 Qc1+ 26. Kg2 Kf8
27. c4 Qg5 28. h4 Qf6 29. h5 Qd4 30. hxg6 hxg6 31. b3 Nf6 32. Bc2 Nd7 33. Qe4
Qb2 34. Bd1 Ne5 35. Qc2 Qd4 36. Be2 Qa1 37. f4 Nd7 38. Qd2 Qb1 39. Qc3 Qa2 40.
Kf2 Kg8 41. g4 g5 42. Qe3 Kf8 43. f5 Qb2 44. Qxg5 Qd4+ 45. Qe3 Qh8 46. Kg3 Ne5
47. Qg5 f6 48. Qh4 Qg7 49. Kf4 Nf7 50. Qh5 Ng5 51. Bf3 Ke7 52. Kg3 Kd8 53. Qh2
Nf7 54. Qd2 Ne5 55. Qe3 Qh7 56. Qf4 Kd7 57. g5 fxg5 58. Qxg5 Qh2+ 0-1

[Event "2. Bundesliga Ost 2012/2013"]
[Site "6.+7.10., 17.+18.11., 1.12., 2.+3.2., 9.+10.3., 6.
[Date "2012.10.06"]
[Round "1"]
[Board "5"]
[White "Kirschner, Alexander"]
[Black "Loidl, Florian"]
[Result "0-1"]
[WhiteElo "2281"]
[BlackElo "2203"]
[PlyCount "70"]
[EventDate "2012.10.06"]
[EventType "team"]
[EventRounds "11"]
[EventCountry "AUT"]
[WhiteTeam "Raiffeisen Waehring"]
[BlackTeam "ASVOe VHS Poechlarn"]

1. c4 c6 2. e4 d5 3. exd5 cxd5 4. cxd5 Nf6 5. Qa4+ Nbd7 6. Nc3 g6 7. Nf3 Bg7 8.
Bc4 O-O 9. d3 a6 10. Qa3 Ne8 11. O-O Ndf6 12. Re1 Nd6 13. Bf4 Bg4 14. Nd2 b5
15. Bb3 Qb6 16. Bd1 Bxd1 17. Raxd1 Ng4 18. Be3 Qb8 19. Qb4 f5 20. Nf3 a5 21.
Qf4 Bh6 22. Ng5 b4 23. Na4 Qb5 24. Nc5 Nxe3 25. Qxe3 Bxg5 26. Qxg5 Qxc5 27.
Rxe7 Qxd5 28. Qh4 Rf7 29. Rxf7 Nxf7 30. b3 Re8 31. h3 Re2 32. Rc1 Kg7 33. Qg3
Rxa2 34. Rc7 a4 35. bxa4 b3 0-1

[Event "2. Bundesliga Ost 2012/2013"]
[Site "6.+7.10., 17.+18.11., 1.12., 2.+3.2., 9.+10.3., 6.
[Date "2012.10.06"]
[Round "1"]
[Board "6"]
[White "Kammerer, Roman"]
[Black "Steiner, Bruno"]
[Result "1/2-1/2"]
[WhiteElo "2079"]
[BlackElo "2209"]
[PlyCount "120"]
[EventDate "2012.10.06"]
[EventType "team"]
[EventRounds "11"]
[EventCountry "AUT"]
[WhiteTeam "ASVOe VHS Poechlarn"]
[BlackTeam "Raiffeisen Waehring"]

1. e4 e5 2. Nf3 Nc6 3. Bc4 Bc5 4. d3 Nf6 5. O-O O-O 6. c3 a6 7. b4 Ba7 8. a4 d5
9. exd5 Nxd5 10. h3 h6 11. Ra2 Re8 12. Re2 Nb6 13. Bb3 Bf5 14. Bc2 Qf6 15. Nbd2
Nd5 16. Bb2 Nf4 17. Ne4 Qg6 18. Nh4 Nxh3+ 19. Kh2 Qh5 20. Ng3 Qxh4 21. Nxf5
Qf4+ 22. Kxh3 Qxf5+ 23. Kh2 Rad8 24. Qe1 b5 25. Rh1 f6 26. Kg1 Re7 27. Re4 Rde8
28. axb5 axb5 29. Qe2 Kf8 30. Bb3 Nd8 31. Bc1 Nf7 32. Rh3 Rd8 33. g4 Qd7 34.
Bxf7 Rxf7 35. Be3 Bxe3 36. Qxe3 Qc6 37. g5 fxg5 38. Rxe5 g4 39. Rg3 Qxc3 40.
Rxg4 Qc6 41. Rge4 Qg6+ 42. Kf1 Kg8 43. Rxb5 Rdf8 44. f4 Qg4 45. Ke1 Rxf4 46.
Rxf4 Rxf4 47. Rb8+ Kh7 48. Qe8 Qg1+ 49. Kd2 Qf2+ 50. Kc1 Qg1+ 51. Kc2 Qf2+ 52.
Kb3 Qd4 53. Qg8+ Kg6 54. Qe8+ Kf6 55. Qc6+ Kf5 56. Rb5+ Kg4 57. Qg2+ Kh4 58.
Qh2+ Kg4 59. Qg2+ Kh4 60. Qh2+ Kg4 1/2-1/2